00887cam a22002291 4500001001300000003000400013005001700017008004100034010001700075035001900092040005500111042001200166043001200178050002400190082000800214110010200222245020100324260004600525300002100571650004800592999001700640pa 66000023 DLC20260227111857.0751023s1966 dcu i000 0 spa c apa 66000023  a(OCoLC)1729453 aPan American Union. Library.cFUdOCoLCdCLUdDLC apremarc ances---00aKGC4589b.J656 1966 a3402 aJoint Tax Program of the Organization of American States and the Inter-American Development Bank.10aSistemas tributarios de América Latina: El Salvador.cPreparado por el Programa Conjunto de Tributación de la Organización de los Estados Americanos y el Banco Interamericano de Desarrollo. aWashington,bUnión Panamericana,c1966. aix, 88 p.c28cm. 0aTaxationxLaw and legislationzEl Salvador. c51587d51587